=LDR 00000nam 2200000 4500 =001 INLIS000000000024854 =005 20130612123418 =008 ***********************************Ind** =035 ##$$0010-061300000024854 =041 ##$$a Ind =082 ##$$a 101 =090 ##$$a 101, The p =100 ##$$a The Liang Gie =245 ##$$a Pengantar Filasafat Ilmu, The Liang Gie =260 ##$$a 1999 $b Yogyakarta =300 ##$$a viii, 245 hlm, ilus, 22 vm =650 ##$$a Pengantar - Filsafat =850 ##$$a NBPNMAT